| 000 | 00442cam a2200181ua 4500 | ||
|---|---|---|---|
| 001 | 1349 | ||
| 008 | 110706n ii |||gr||||Z||||||asm | ||
| 020 | _a81-7339-282-X | ||
| 040 | _cMAIN | ||
| 082 | _a301 | ||
| 100 | 1 |
_aSaikia, Utpal, _eAuthor. |
|
| 245 | 1 |
_aSnatak Mahalar Samajtattwa Parichay _cBy Utpal Saikia |
|
| 250 | _a3rd. | ||
| 260 |
_aDibrugarh: _bBanalata, _c2007. |
||
| 300 |
_a344p: _c23cm. |
||
| 653 | _aSociology | ||
| 942 | _cBK | ||
| 999 |
_c1247 _d1247 |
||